Las leyes y la jurisprudencia vigentes del enjuiciamiento criminal
Kaydedildi:
| Yazar: | |
|---|---|
| Materyal Türü: | Kitap |
| Dil: | İspanyolca |
| Baskı/Yayın Bilgisi: |
Madrid
Revista de Legislación
1890
|
| Seri Bilgileri: | Derecho Procesal de España, 2
|
| Konular: | |
| Etiketler: |
Etiketle
Etiket eklenmemiş, İlk siz ekleyin!
|
MARC
| LEADER | 00000nam a2200000 a 4500 | ||
|---|---|---|---|
| 001 | UCS1261 | ||
| 003 | CL-VaPUC | ||
| 008 | 970509e18900000SP |||||||||||||||||spa|d | ||
| 082 | 0 | 4 | |a 345.46 |b ROB |2 21 |
| 100 | 0 | |a Robles Pozo, José |e author |9 385575 | |
| 245 | 1 | 4 | |a Las leyes y la jurisprudencia vigentes del enjuiciamiento criminal |
| 300 | |a 912 p | ||
| 942 | |c BK | ||
| 945 | |d 19970509 00:00:00 |a paguirre | ||
| 260 | |a Madrid |b Revista de Legislación |c 1890 | ||
| 650 | 0 | |a Derecho procesal penal |9 256392 | |
| 650 | 0 | |a Procedimiento penal |9 254974 | |
| 650 | 0 | |a Tribunales |9 254872 | |
| 650 | 0 | |a Administración de justicia |9 382749 | |
| 650 | 0 | |a Notificaciones procesales |9 385104 | |
| 650 | 0 | |a Delitos |9 224143 | |
| 650 | 0 | |a Recurso de casación |9 258890 | |
| 650 | 0 | |a Sentencias |9 256250 | |
| 651 | 0 | |a España |9 254926 | |
| 583 | |a last modification |c 19970509 00:00:00 |k Rodrigo Vera | ||
| 490 | 0 | |a Derecho Procesal de España, 2 | |
| 999 | |c 259360 |d 259358 | ||
| 952 | |0 0 |1 0 |4 0 |6 345_460000000000000_ROB_1890 |7 0 |8 X |9 284061 |a BIBDER |b BIBDER |d 2019-11-19 |i 1843346 |o 345.46 ROB 1890 |p 1843346 |r 2023-01-25 |w 2019-11-19 |y BK_X |k DER | ||